000 00627nam a22001937a 4500
999 _c190697
_d190697
005 20220803104446.0
010 _aENG-134185
020 _a9789391373191
_c810.00
035 _aEN-117717
037 _bDBAD/PUB
082 _a301.412
245 _aThe Scenario of Indian Women:Past,Present and Future/
_cedited by R.S.Kallurmath;Narayan Arundhekar and Vidya H.N.
260 _aTamil Nadu
_bShanlax Publications
_c2021
270 _aVasantha Nagar,Madurai,
_bTamil Nadu
_e625003
300 _a173p..
_c22cm(pbk)
700 _aArundhekar,Narayan
700 _aVidya H.N.
942 _2ddc
_cEN
_h301.412
_mSCE